Corporate insolvency (Record no. 103543)

MARC details
000 -LEADER
fixed length control field 01214cam a22002895a 4500
001 - CONTROL NUMBER
control field L125990
008 - FIXED-LENGTH DATA ELEMENTS--GENERAL INFORMATION
fixed length control field 040426s2007 xxk f 001 0 eng u
020 ## - INTERNATIONAL STANDARD BOOK NUMBER
International Standard Book Number 9780406969705
035 ## - SYSTEM CONTROL NUMBER
System control number (Sirsi) u125990
041 ## - LANGUAGE CODE
Language code of text/sound track or separate title eng
050 04 - LIBRARY OF CONGRESS CALL NUMBER
Classification number 346.41078 $2 18
100 ## - MAIN ENTRY--PERSONAL NAME
Personal name Bailey, Edward
245 ## - TITLE STATEMENT
Title Corporate insolvency
Remainder of title law and practice
250 ## - EDITION STATEMENT
Edition statement 3rd ed.
260 ## - PUBLICATION, DISTRIBUTION, ETC.
Place of publication, distribution, etc. London
Name of publisher, distributor, etc. LexisNexis Butterworths
Date of publication, distribution, etc. 2007
300 ## - PHYSICAL DESCRIPTION
Extent clxxiii, 1653p.
Dimensions 26cm.
520 ## - SUMMARY, ETC.
Summary, etc. Explains UK corporate insolvency law as it stood on 1 October 2007. Covers major legislation including recent changes, and landmark case law. Covers courts and procedures, reviews and appeals, insolvency practitioners, administration and receivership, voluntary and court-enforced winding up, directors, criminal offences, dissolution, human rights, distribution of assets, and cross-border insolvency. Focus is also given to recent changes to the law.
521 2# - TARGET AUDIENCE NOTE
Target audience note Advanced
590 ## - LOCAL NOTE (RLIN)
Local note KA
650 24 - SUBJECT ADDED ENTRY--TOPICAL TERM
Topical term or geographic name entry element CROSS-BORDER INSOLVENCY REGULATIONS 2006
650 24 - SUBJECT ADDED ENTRY--TOPICAL TERM
Topical term or geographic name entry element COMPANIES ACT 2006
650 24 - SUBJECT ADDED ENTRY--TOPICAL TERM
Topical term or geographic name entry element ENTERPRISE ACT 2002
651 #4 - SUBJECT ADDED ENTRY--GEOGRAPHIC NAME
Geographic name United Kingdom
Chronological subdivision
690 ## - LOCAL SUBJECT ADDED ENTRY--TOPICAL TERM (OCLC, RLIN)
Topical term or geographic name as entry element MANAGEMENT-CORPORATE RECOVERY
700 1# - ADDED ENTRY--PERSONAL NAME
Personal name Groves, Hugo
942 ## - ADDED ENTRY ELEMENTS (KOHA)
Suppress in OPAC 0
Holdings
Withdrawn status Lost status Source of classification or shelving scheme Damaged status Not for loan Home library Current library Shelving location Date acquired Cost, normal purchase price Total Checkouts Full call number Barcode Date last seen Date last checked out Copy number Cost, replacement price Price effective from Koha item type
    Dewey Decimal Classification     London London Books 08/01/2008 200.00 8 346.41078 BAI 30074327 06/08/2019 07/09/2009 1 200.00 06/08/2019 Book